Normal view
MARC view
- Adrian Akmajian, Richard A. Demers Ann k. Farmer Robert M. Harnish
Entry Personal Name
001 - CONTROL NUMBER
- control field: 4908
003 - CONTROL NUMBER IDENTIFIER
- control field: OSt
005 - DATE AND TIME OF LATEST TRANSACTION
- control field: 20221117054325.0
008 - FIXED-LENGTH DATA ELEMENTS
- fixed length control field: 221117|| aca||aabn | a|a d
040 ## - CATALOGING SOURCE
- Original cataloging agency: OSt
- Transcribing agency: OSt
100 ## - HEADING--PERSONAL NAME
- Personal name: Adrian Akmajian, Richard A. Demers Ann k. Farmer Robert M. Harnish
670 ## - SOURCE DATA FOUND
- Source citation: Work cat.: (OSt)2398: Akmajian, Adrian 4906, Linguistic : an Introduction to Language & Communication / , c2004
